000 00993nac a22002897a 4500
001 BR7908247
003 BR-BrBNA
005 20240105114547.0
008 230509b bl.|||m| |||| 00| 0 por d
040 _aBR-BrBNA
_bpor
_cBiblioteca Nacional de Agricultura
072 _aE70; E15
090 _a0430 BR7908247
110 1 _aBolsa de Mercadorias de Sao Paulo, Sao Paulo (Brasil)
_91275
245 1 _aRelatorio da diretoria, contas documentos e parecer da comissao fiscal. Exercicio de 1978 [Bolsa de Mercadorias de Sao Paulo, Brasil]
_bAssembleia geral ordinaria de marco de 1979
260 3 _aSao Paulo, SP (Brasil):
_c1979.
300 _a141 p.
490 _aRelatorio - Bolsa de Mercadorias de Sao Paulo (Brazil)
_v
_x
650 _aALGODAO
650 _aSAFRA
650 _aEXPORTACAO
650 _aCONSUMO
650 _aESTATISTICA DE PRODUCAO
650 _aESTOQUE
650 _aBENEFICIAMENTO
909 _a202312
_bLúcia Elande
_c55
_dLúcia Elande
942 _2AGRIS
_n0
_cMS
999 _c270043
_d270043